| 000 | 00405nam a22001337a 4500 | ||
|---|---|---|---|
| 005 | 20250718140947.0 | ||
| 008 | 250718b |||||||| |||| 00| 0 eng d | ||
| 050 |
_aBS26655 _bJON |
||
| 100 | _aD. MARTYNLLOYD- JONES | ||
| 245 |
_aLIFE IN THE SPIRIT; _bIN MARRIAGE, HOME AND WORK AN EXPOSITION OF EPHESIANS 5; 18 TO 6;9 |
||
| 260 |
_aMICHIGAN _bBARKER BOOK HOUSE _cc1973 |
||
| 300 | _a359p | ||
| 942 |
_2lcc _cBK _n0 |
||
| 999 |
_c7056 _d7056 |
||